[Event "Campeonato de España Universitario 2008"]
[Site "Madrid ESP"]
[Date "2008.05.08"]
[Round "1.1"]
[White "Perez Candelario, Matias"]
[Black "Perez Candelario, Manuel"]
[Result "0-1"]
[WhiteElo "2055"]
[BlackElo "2537"]
[PlyCount "64"]
[EventDate "2008.05.08"]
[EventType "swiss"]
[EventRounds "9"]
[EventCountry "ESP"]
[Source "lmi"]
[SourceDate "2008.05.08"]

1. e4 c5 2. Nf3 Nc6 3. d4 cxd4 4. Nxd4 g6 5. Nxc6 bxc6 6. Bd3 Bg7 7. c3 Nf6 8.
O-O O-O 9. f4 d5 10. e5 Ne4 11. Bxe4 dxe4 12. Qxd8 Rxd8 13. Re1 f5 14. Be3 a5
15. Na3 Ba6 16. Nc2 Kf7 17. Nd4 Rdc8 18. Rad1 a4 19. Nc2 Bc4 20. Rd7 Bxa2 21.
Bc5 Bf8 22. Kf2 Ra5 23. Ba3 Rd5 24. Ra7 Bc4 25. Nd4 c5 26. Ne2 Bb3 27. Nc1 Bc2
28. Re2 Bd1 29. Re1 Rcd8 30. Ne2 Rd2 31. Kf1 Rc2 32. Rxa4 Rdd2 0-1

[Event "Campeonato de España Universitario 2008"]
[Site "Madrid ESP"]
[Date "2008.05.08"]
[Round "1.2"]
[White "Ibarra Jerez, Jose Carlos"]
[Black "Cortes Mamblona, Josep Manel"]
[Result "1-0"]
[WhiteElo "2496"]
[BlackElo "2054"]
[PlyCount "62"]
[EventDate "2008.05.08"]
[EventType "swiss"]
[EventRounds "9"]
[EventCountry "ESP"]
[Source "lmi"]
[SourceDate "2008.05.08"]

1. e4 e6 2. d4 d5 3. Nc3 dxe4 4. Nxe4 Bd7 5. Nf3 Bc6 6. Neg5 Bd6 7. Bd3 h6 8.
Ne4 Bxe4 9. Bxe4 c6 10. O-O Nf6 11. Bd3 O-O 12. b3 Nbd7 13. Bb2 Qc7 14. Re1
Rfe8 15. c4 Rad8 16. c5 Be7 17. b4 Nd5 18. Qb3 Nf4 19. Bf1 Bf6 20. Re4 Ng6 21.
Rae1 b6 22. cxb6 axb6 23. a4 Re7 24. Rc1 Qb7 25. Bd3 e5 26. Ree1 Nf4 27. Bf1 e4
28. Nd2 Rde8 29. Nc4 Re6 30. g3 Nd3 31. Bh3 Bg5 1-0

[Event "Campeonato de España Universitario 2008"]
[Site "Madrid ESP"]
[Date "2008.05.08"]
[Round "1.3"]
[White "Encinas Encinas, Alvaro"]
[Black "Almagro Llamas, Pablo"]
[Result "0-1"]
[WhiteElo "2050"]
[BlackElo "2472"]
[PlyCount "122"]
[EventDate "2008.05.08"]
[EventType "swiss"]
[EventRounds "9"]
[EventCountry "ESP"]
[Source "lmi"]
[SourceDate "2008.05.08"]

1. e4 c6 2. Nc3 d5 3. Nge2 dxe4 4. Nxe4 Nd7 5. d4 Ngf6 6. N2g3 e6 7. Bf4 Nxe4
8. Nxe4 Nf6 9. Nxf6+ gxf6 10. Qd3 Qb6 11. O-O-O Bd7 12. Be2 O-O-O 13. Qg3 Be7
14. Rd3 Rhg8 15. Qe3 Be8 16. c4 Qa5 17. Kb1 Bd6 18. Bxd6 Rxd6 19. c5 Rd8 20.
Ra3 Qb4 21. Rd1 a6 22. Qf4 e5 23. Qxf6 exd4 24. Bd3 Qxc5 25. Rc1 Qd6 26. Qf5+
Bd7 27. Qxf7 Rxg2 28. Qb3 Be6 29. Qb6 Qc7 30. Qa7 Rxf2 31. Rxa6 Bf5 32. Bxf5+
Rxf5 33. Rb6 d3 34. Qa8+ Kd7 35. Qxb7 Qxb7 36. Rxb7+ Kd6 37. Rxh7 Kd5 38. Rd1
Kc4 39. Rh4+ Rd4 40. Rh6 c5 41. Rg6 Rdf4 42. Rgg1 Rf2 43. Rg4+ R5f4 44. Rg3
R2f3 45. Rgg1 Kd5 46. a4 Kc4 47. Rc1+ Kb4 48. a5 Rf6 49. Rg4+ Kb5 50. Rg3 R6f5
51. Rgg1 Kxa5 52. Rcd1 Kb4 53. Rg4+ c4 54. Rg8 Rf2 55. Rb8+ Rb5 56. Rxb5+ Kxb5
57. h4 Kb4 58. Rc1 Re2 59. Ka2 d2 60. Rd1 c3 61. bxc3+ Kxc3 0-1

[Event "Campeonato de España Universitario 2008"]
[Site "Madrid ESP"]
[Date "2008.05.08"]
[Round "1.4"]
[White "Rodriguez Lopez, Ruben"]
[Black "Lopez Reboso, Hector"]
[Result "1-0"]
[WhiteElo "1989"]
[BlackElo "2048"]
[PlyCount "67"]
[EventDate "2008.05.08"]
[EventType "swiss"]
[EventRounds "9"]
[EventCountry "ESP"]
[Source "lmi"]
[SourceDate "2008.05.08"]

1. e4 e5 2. Nf3 Nf6 3. Nc3 Nc6 4. g3 Bc5 5. Bg2 d6 6. O-O a6 7. d3 Bg4 8. h3
Be6 9. Kh2 h6 10. Nh4 Ne7 11. Be3 g5 12. Nf5 Bxf5 13. exf5 Bxe3 14. fxe3 c6 15.
d4 Qc7 16. dxe5 dxe5 17. a4 Rd8 18. Qe2 Qb6 19. b3 Qb4 20. Qe1 O-O 21. Ne4 Qxe4
22. Bxe4 Nxe4 23. Qb4 Nd6 24. f6 Nd5 25. Qe1 Ne4 26. Rd1 Ndxf6 27. Rd3 Nd5 28.
Rf5 Rfe8 29. Qf1 Kh8 30. Qf3 Nc5 31. Rxg5 Re6 32. Rxd5 cxd5 33. Rf5 Ne4 34. Qh5
1-0

[Event "Campeonato de España Universitario 2008"]
[Site "Madrid ESP"]
[Date "2008.05.08"]
[Round "1.6"]
[White "Llaneza Vega, Marcos"]
[Black "Baiges Navarro, Albert"]
[Result "1-0"]
[WhiteElo "2425"]
[BlackElo "2044"]
[PlyCount "81"]
[EventDate "2008.05.08"]
[EventType "swiss"]
[EventRounds "9"]
[EventCountry "ESP"]
[Source "lmi"]
[SourceDate "2008.05.08"]

1. e4 c5 2. Nc3 d6 3. Nge2 Nf6 4. d4 cxd4 5. Nxd4 a6 6. Be3 Ng4 7. Bg5 h6 8.
Bh4 g5 9. Bg3 Bg7 10. h3 Ne5 11. f3 Nbc6 12. Bf2 Qa5 13. Nb3 Qd8 14. h4 Be6 15.
hxg5 hxg5 16. Rxh8+ Bxh8 17. Qd2 Bf6 18. Nd5 Bxd5 19. exd5 Nb8 20. Be3 e6 21.
O-O-O Be7 22. Kb1 Nbd7 23. dxe6 fxe6 24. Be2 Nf7 25. Qd3 Qc7 26. Nd4 Nf8 27.
Qb3 Rc8 28. c3 Qd7 29. Bf2 Bf6 30. Re1 Ke7 31. g3 Re8 32. Qb6 Ng6 33. Nxe6 Qxe6
34. Bc4 Qxe1+ 35. Bxe1 Kf8 36. Bd2 Re7 37. a3 Nfe5 38. Bd5 Rd7 39. f4 Bd8 40.
Qe3 gxf4 41. gxf4 1-0

[Event "Campeonato de España Universitario 2008"]
[Site "Madrid ESP"]
[Date "2008.05.08"]
[Round "1.7"]
[White "Gallardo Estrella, Alvaro"]
[Black "Martinez Martin, David"]
[Result "0-1"]
[WhiteElo "2042"]
[BlackElo "2424"]
[PlyCount "48"]
[EventDate "2008.05.08"]
[EventType "swiss"]
[EventRounds "9"]
[EventCountry "ESP"]
[Source "lmi"]
[SourceDate "2008.05.08"]

1. d4 d5 2. c4 e6 3. Nc3 c6 4. Bf4 dxc4 5. e4 b5 6. d5 Bb4 7. d6 Qf6 8. Qd2 e5
9. Bg5 Qxd6 10. Qxd6 Bxd6 11. O-O-O Be7 12. Bxe7 Nxe7 13. g3 Nd7 14. f4 exf4
15. gxf4 Nc5 16. a3 Bg4 17. Re1 O-O 18. h3 Bh5 19. Kb1 a5 20. Be2 Bxe2 21.
Ngxe2 b4 22. Nd1 Nxe4 23. Nd4 f5 24. Nxf5 Nxf5 0-1

[Event "Campeonato de España Universitario 2008"]
[Site "Madrid ESP"]
[Date "2008.05.08"]
[Round "1.8"]
[White "Gonzalez Somoza, Oliver"]
[Black "Rodriguez Gonzalez, Alex"]
[Result "1-0"]
[WhiteElo "2333"]
[BlackElo "2041"]
[PlyCount "77"]
[EventDate "2008.05.08"]
[EventType "swiss"]
[EventRounds "9"]
[EventCountry "ESP"]
[Source "lmi"]
[SourceDate "2008.05.08"]

1. d4 d6 2. c4 f5 3. Nc3 Nf6 4. Bg5 Nbd7 5. Qc2 g6 6. Nf3 Bg7 7. e4 fxe4 8.
Nxe4 Nxe4 9. Qxe4 Nf6 10. Qh4 Bf5 11. d5 Ne4 12. Bd3 Nxg5 13. Nxg5 Bxd3 14. Ne6
Qd7 15. Nxg7+ Kf7 16. Qd4 Bf5 17. O-O e5 18. dxe6+ Bxe6 19. Nxe6 Qxe6 20. Rfe1
c5 21. Rxe6 cxd4 22. Rxd6 Rad8 23. Rxd8 Rxd8 24. Kf1 d3 25. Ke1 Re8+ 26. Kf1
Rd8 27. Rd1 Ke6 28. Ke1 Ke5 29. Kd2 Kd4 30. b3 Re8 31. Re1 Rxe1 32. Kxe1 Kc3
33. Kd1 a5 34. f4 Kb2 35. g4 Kxa2 36. f5 gxf5 37. gxf5 Kxb3 38. f6 a4 39. f7
1-0

[Event "Campeonato de España Universitario 2008"]
[Site "Madrid ESP"]
[Date "2008.05.08"]
[Round "1.9"]
[White "Peñas Hernandez, Yolanda"]
[Black "Andres Gonzalez, Ivan"]
[Result "0-1"]
[WhiteElo "2040"]
[BlackElo "2324"]
[PlyCount "76"]
[EventDate "2008.05.08"]
[EventType "swiss"]
[EventRounds "9"]
[EventCountry "ESP"]
[Source "lmi"]
[SourceDate "2008.05.08"]

1. e4 c5 2. Nf3 e6 3. d4 cxd4 4. Nxd4 a6 5. Be2 Nf6 6. Nc3 Qc7 7. O-O Nc6 8.
Be3 b5 9. Nxc6 dxc6 10. Bf3 e5 11. Qe2 Be6 12. Rfd1 Be7 13. g3 O-O 14. Bg2 h6
15. h3 Bb4 16. f4 Rfe8 17. f5 Bc4 18. Qf2 Qe7 19. g4 Rad8 20. a3 Bxc3 21. bxc3
Rxd1+ 22. Rxd1 Qxa3 23. g5 hxg5 24. Bxg5 Nh7 25. Qg3 Nxg5 26. Qxg5 Qe7 27. Qg3
a5 28. h4 a4 29. h5 Qf6 30. Bf1 a3 31. Bxc4 bxc4 32. Ra1 Ra8 33. Kf1 a2 34. Ke2
Ra5 35. Kd1 Qh6 36. Qf3 Qg5 37. Ke2 Kh7 38. Qh3 Kh6 0-1

[Event "Campeonato de España Universitario 2008"]
[Site "Madrid ESP"]
[Date "2008.05.08"]
[Round "1.10"]
[White "Garrido Dominguez, Jesus"]
[Black "Garcia Bernardez, Jaime"]
[Result "1-0"]
[WhiteElo "2324"]
[BlackElo "2038"]
[PlyCount "105"]
[EventDate "2008.05.08"]
[EventType "swiss"]
[EventRounds "9"]
[EventCountry "ESP"]
[Source "lmi"]
[SourceDate "2008.05.08"]

1. e4 d6 2. d4 Nf6 3. Nc3 e5 4. Nf3 Nbd7 5. Bc4 Be7 6. O-O O-O 7. Re1 c6 8. a4
a5 9. h3 h6 10. b3 Nh7 11. Ne2 Ng5 12. Nxg5 hxg5 13. d5 Nb6 14. Qd3 Qc7 15. Nc3
g4 16. hxg4 Bxg4 17. Qg3 Nxc4 18. Qxg4 Nb6 19. Re3 Rfe8 20. Rh3 g6 21. Ba3 Kg7
22. Rd1 Rh8 23. Rxh8 Rxh8 24. dxc6 bxc6 25. g3 Qc8 26. Qxc8 Nxc8 27. Rd3 Kf6
28. Nd1 c5 29. Ne3 Nb6 30. f4 Rc8 31. c4 Rb8 32. Bc1 Nc8 33. fxe5+ Kxe5 34. Nd5
Bf8 35. Kf2 Nb6 36. Nc3 Ke6 37. Rf3 Bg7 38. Nb5 Bd4+ 39. Kg2 Ke7 40. Bd2 Ra8
41. Rd3 Nd7 42. Bg5+ f6 43. Bc1 Ne5 44. Rd1 Rh8 45. Bd2 Nc6 46. Bf4 Be5 47.
Bxe5 dxe5 48. Rd5 Nd4 49. Nxd4 exd4 50. Rxc5 Rb8 51. Rb5 Rd8 52. Kf3 d3 53. Rd5
1-0

[Event "Campeonato de España Universitario 2008"]
[Site "Madrid ESP"]
[Date "2008.05.08"]
[Round "1.11"]
[White "Lara Granero, Bio"]
[Black "Pena Gomez, Manuel"]
[Result "0-1"]
[WhiteElo "2033"]
[BlackElo "2312"]
[PlyCount "70"]
[EventDate "2008.05.08"]
[EventType "swiss"]
[EventRounds "9"]
[EventCountry "ESP"]
[Source "lmi"]
[SourceDate "2008.05.08"]

1. e4 c5 2. Nf3 d6 3. d4 cxd4 4. Nxd4 Nf6 5. Nc3 a6 6. Be2 e5 7. Nb3 Be7 8. O-O
O-O 9. Be3 Be6 10. f4 Nbd7 11. f5 Bxb3 12. axb3 Qc7 13. Nd5 Nxd5 14. exd5 Rfc8
15. c4 Qd8 16. b4 Bg5 17. Bf2 Qf6 18. Ra3 e4 19. Bd4 Qe7 20. Rg3 Bf6 21. b3 a5
22. b5 Nc5 23. Qa1 Bxd4+ 24. Qxd4 f6 25. Re1 a4 26. b4 Nb3 27. Qc3 Qe5 28. Bd1
Nd4 29. Rge3 a3 30. Rxe4 Ne2+ 31. R4xe2 Qxc3 32. c5 a2 33. cxd6 Qd4+ 34. Kh1
a1=Q 35. d7 Qdxd1 0-1

[Event "Campeonato de España Universitario 2008"]
[Site "Madrid ESP"]
[Date "2008.05.08"]
[Round "1.12"]
[White "Rabadan Velasco, Raul"]
[Black "Colls Bosch, Emili"]
[Result "1-0"]
[WhiteElo "2309"]
[BlackElo "2030"]
[PlyCount "83"]
[EventDate "2008.05.08"]
[EventType "swiss"]
[EventRounds "9"]
[EventCountry "ESP"]
[Source "lmi"]
[SourceDate "2008.05.08"]

1. d4 Nf6 2. c4 e6 3. Nf3 b6 4. g3 Bb7 5. Bg2 Be7 6. Nc3 Ne4 7. Bd2 f5 8. d5
Nxc3 9. Bxc3 O-O 10. O-O Bf6 11. Nd4 c5 12. Nb5 Bxc3 13. Nxc3 Na6 14. Qa4 Qc8
15. Nb5 Qb8 16. dxe6 Bxg2 17. Kxg2 Qb7+ 18. Kg1 dxe6 19. Nd6 Qe7 20. Rad1 Nc7
21. Rd2 Nd5 22. Nb5 Nf6 23. Rfd1 Qf7 24. Nc3 f4 25. Qc6 Rac8 26. Qf3 fxg3 27.
hxg3 Rc7 28. Rd8 Rc8 29. Rxc8 Rxc8 30. Nb5 a6 31. Nd6 Qd7 32. Nxc8 Qxd1+ 33.
Kg2 b5 34. Qa8 Kf7 35. Qa7+ Nd7 36. Nb6 Ke8 37. Qxa6 Nxb6 38. Qxb6 Qxe2 39.
Qc6+ Kd8 40. cxb5 e5 41. b6 e4 42. Qd6+ 1-0

[Event "Campeonato de España Universitario 2008"]
[Site "Madrid ESP"]
[Date "2008.05.08"]
[Round "1.14"]
[White "Lopez Del Alamo, Antonio"]
[Black "Codina Tormo, Julia"]
[Result "1-0"]
[WhiteElo "2299"]
[BlackElo "2029"]
[PlyCount "45"]
[EventDate "2008.05.08"]
[EventType "swiss"]
[EventRounds "9"]
[EventCountry "ESP"]
[Source "lmi"]
[SourceDate "2008.05.08"]

1. e4 c5 2. Nf3 Nc6 3. Bb5 g6 4. Bxc6 bxc6 5. O-O Bg7 6. c3 Nh6 7. h3 d6 8. d4
cxd4 9. cxd4 O-O 10. Nc3 Rb8 11. b3 f6 12. Bb2 Qa5 13. Re1 Nf7 14. Qc2 Bd7 15.
Nd2 Qh5 16. Ne2 Bh6 17. Ng3 Qb5 18. Nc4 Be6 19. Ne3 Bf4 20. Ne2 Bxe3 21. fxe3
Rfc8 22. Rad1 Qh5 23. Nf4 1-0

[Event "Campeonato de España Universitario 2008"]
[Site "Madrid ESP"]
[Date "2008.05.08"]
[Round "1.15"]
[White "Simonet Planas, Adrian"]
[Black "Montero Melendez, Rafael"]
[Result "0-1"]
[WhiteElo "2027"]
[BlackElo "2295"]
[PlyCount "80"]
[EventDate "2008.05.08"]
[EventType "swiss"]
[EventRounds "9"]
[EventCountry "ESP"]
[Source "lmi"]
[SourceDate "2008.05.08"]

1. c4 Nf6 2. Nc3 d6 3. d4 Nbd7 4. e4 e5 5. f4 Be7 6. Nf3 O-O 7. Be2 Re8 8. O-O
c6 9. Rb1 a5 10. a3 a4 11. Kh1 exd4 12. Nxd4 Nc5 13. Bd3 Qa5 14. Qc2 Bf8 15. b4
axb3 16. Nxb3 Nxb3 17. Qxb3 Nd7 18. Bb2 Nc5 19. Qc2 Be6 20. Ne2 Qa7 21. Rbc1
Na4 22. Bd4 c5 23. f5 Bd7 24. Ba1 Rab8 25. Rfd1 b5 26. cxb5 Bxb5 27. Nc3 Nxc3
28. Qxc3 Ba4 29. Re1 Rb3 30. Qd2 Rxa3 31. Qg5 Kh8 32. h4 f6 33. Qf4 Bc6 34. h5
h6 35. Rcd1 Qa8 36. Qc1 Ra4 37. Qc2 Bxe4 38. Bxe4 Raxe4 39. Rxe4 Qxe4 40. Qf2
Qe2 0-1

[Event "Campeonato de España Universitario 2008"]
[Site "Madrid ESP"]
[Date "2008.05.08"]
[Round "1.16"]
[White "Piay Augusto, Diego"]
[Black "Romero Lopez, Marta"]
[Result "1-0"]
[WhiteElo "2281"]
[BlackElo "2018"]
[PlyCount "53"]
[EventDate "2008.05.08"]
[EventType "swiss"]
[EventRounds "9"]
[EventCountry "ESP"]
[Source "lmi"]
[SourceDate "2008.05.08"]

1. e4 e6 2. d4 d5 3. exd5 exd5 4. Nf3 Bg4 5. Bd3 Nc6 6. c3 Bd6 7. O-O Nge7 8.
Nbd2 Qd7 9. b4 Ng6 10. Re1+ Nce7 11. Qb3 Nf4 12. Bf1 O-O-O 13. Ne5 Bxe5 14.
dxe5 Neg6 15. Qa3 Kb8 16. Nb3 Qf5 17. Be3 b6 18. Nd4 Qh5 19. Bb5 Bd7 20. Bxd7
Rxd7 21. Bxf4 Nxf4 22. Nc6+ Kb7 23. Qxa7+ Kxc6 24. Qa4+ Kb7 25. Qxd7 Qg5 26. g3
Rd8 27. Qxf7 1-0

[Event "Campeonato de España Universitario 2008"]
[Site "Madrid ESP"]
[Date "2008.05.08"]
[Round "1.17"]
[White "Martin Mascaro, Juan"]
[Black "Fidalgo Fernandez, Javier"]
[Result "0-1"]
[WhiteElo "2016"]
[BlackElo "2280"]
[PlyCount "68"]
[EventDate "2008.05.08"]
[EventType "swiss"]
[EventRounds "9"]
[EventCountry "ESP"]
[Source "lmi"]
[SourceDate "2008.05.08"]

1. e4 c5 2. Nc3 e6 3. Bc4 a6 4. a4 Nc6 5. f4 Nf6 6. e5 d5 7. Ba2 Nd7 8. Nf3 Be7
9. O-O O-O 10. Ne2 b5 11. c3 bxa4 12. Bb1 c4 13. Qc2 g6 14. Qxa4 Qb6+ 15. Kh1
Nc5 16. Qd1 Nd3 17. Bxd3 cxd3 18. Ng3 a5 19. Ne1 Ba6 20. Rf3 f6 21. exf6 Rxf6
22. Qa4 Bb5 23. Qd1 Raf8 24. f5 Ne5 25. Re3 Bd6 26. b4 a4 27. Bb2 Nc4 28. Qc1
Nxe3 29. dxe3 e5 30. e4 Bc4 31. exd5 gxf5 32. Qg5+ Rg6 33. Qh4 e4 34. Qh3 Bxg3
0-1

[Event "Campeonato de España Universitario 2008"]
[Site "Madrid ESP"]
[Date "2008.05.08"]
[Round "1.18"]
[White "Massanet Massanet, Sebastian"]
[Black "Criado Lopez, Alberto"]
[Result "1-0"]
[WhiteElo "2278"]
[BlackElo "2014"]
[PlyCount "55"]
[EventDate "2008.05.08"]
[EventType "swiss"]
[EventRounds "9"]
[EventCountry "ESP"]
[Source "lmi"]
[SourceDate "2008.05.08"]

1. e4 e5 2. Nf3 Nf6 3. Nxe5 d6 4. Nf3 Nxe4 5. Nc3 Nxc3 6. dxc3 Be7 7. Bf4 Nc6
8. Bc4 Be6 9. Bb5 a6 10. Bxc6+ bxc6 11. Nd4 Qd7 12. O-O O-O 13. Re1 Bf6 14. Qd2
Bd5 15. b3 c5 16. Ne2 Bb7 17. Rad1 Rfe8 18. c4 Qg4 19. Bg3 Bg5 20. Nf4 Re5 21.
f3 Qf5 22. Rxe5 dxe5 23. Nd5 Rd8 24. Ne7+ Bxe7 25. Qxd8+ Bf8 26. Qxc7 Qxc2 27.
Re1 Ba8 28. Qc8 1-0

[Event "Campeonato de España Universitario 2008"]
[Site "Madrid ESP"]
[Date "2008.05.08"]
[Round "1.19"]
[White "Alcaraz Pacheco, Ivan"]
[Black "Almeida Toledano, Daniel"]
[Result "1/2-1/2"]
[WhiteElo "2011"]
[BlackElo "2278"]
[PlyCount "104"]
[EventDate "2008.05.08"]
[EventType "swiss"]
[EventRounds "9"]
[EventCountry "ESP"]
[Source "lmi"]
[SourceDate "2008.05.08"]

1. e4 e6 2. d4 d5 3. Nc3 Nf6 4. Bg5 Bb4 5. Nge2 dxe4 6. a3 Be7 7. Bxf6 gxf6 8.
Nxe4 b6 9. N2c3 Bb7 10. Qd2 c6 11. O-O-O Qc7 12. Bc4 Nd7 13. Rhe1 O-O-O 14. Kb1
Rhg8 15. f4 b5 16. Bb3 Nb6 17. g3 f5 18. Nf2 a6 19. Qe3 Kb8 20. Nd3 Nd5 21.
Bxd5 cxd5 22. Ne5 Bd6 23. Na2 Ka8 24. Rd3 Rc8 25. Rc3 Qe7 26. Rxc8+ Rxc8 27.
Rd1 Qc7 28. c3 a5 29. Nd3 Qc4 30. Ne5 Qb3 31. Rd2 b4 32. Nc1 Qa4 33. axb4 axb4
34. b3 Qe8 35. Ra2+ Kb8 36. c4 f6 37. c5 fxe5 38. cxd6 e4 39. Ne2 Qb5 40. Rc2
Rxc2 41. Kxc2 Qc6+ 42. Kb2 Qxd6 43. Nc1 Qa6 44. Qd2 Qa3+ 45. Kb1 Ba6 46. Qc2 e3
47. Qc5 e2 48. Qb6+ Bb7 49. Qd6+ Ka7 50. Qxe6 Ba6 51. Qe7+ Kb8 52. Qd8+ Ka7
1/2-1/2

[Event "Campeonato de España Universitario 2008"]
[Site "Madrid ESP"]
[Date "2008.05.08"]
[Round "1.20"]
[White "Vallejo Diaz, Jesus"]
[Black "Pellicer Coloma, Pedro"]
[Result "0-1"]
[WhiteElo "2269"]
[BlackElo "2006"]
[PlyCount "74"]
[EventDate "2008.05.08"]
[EventType "swiss"]
[EventRounds "9"]
[EventCountry "ESP"]
[Source "lmi"]
[SourceDate "2008.05.08"]

1. e4 c5 2. Nf3 Nc6 3. Bb5 d6 4. Bxc6+ bxc6 5. h3 g6 6. O-O Bg7 7. Qe2 e5 8. d3
Ne7 9. Nc3 O-O 10. Nh2 f5 11. f4 fxe4 12. dxe4 d5 13. Rb1 a5 14. Rf3 Ba6 15.
Qe1 Qc7 16. exd5 cxd5 17. fxe5 Bxe5 18. Rxf8+ Rxf8 19. Nf3 Bd6 20. Bh6 Rf7 21.
Rd1 Bb7 22. Nb5 Qb8 23. Ng5 Bh2+ 24. Kh1 Nf5 25. Nxf7 Kxf7 26. Qf2 Bg3 27. Qxc5
Nxh6 28. c4 Nf5 29. cxd5 Ba6 30. a4 Bxb5 31. Qxb5 Qf4 32. Qd7+ Kf6 33. Qd8+ Kg7
34. Qxa5 Bf2 35. Qc3+ Kh6 36. g4 Qe4+ 37. Kh2 Ne3 0-1

[Event "Campeonato de España Universitario 2008"]
[Site "Madrid ESP"]
[Date "2008.05.08"]
[Round "1.22"]
[White "Bermejo Martinez, Jorge"]
[Black "Jane Besora, Rafael"]
[Result "0-1"]
[WhiteElo "2267"]
[BlackElo "1998"]
[PlyCount "114"]
[EventDate "2008.05.08"]
[EventType "swiss"]
[EventRounds "9"]
[EventCountry "ESP"]
[Source "lmi"]
[SourceDate "2008.05.08"]

1. Nf3 d5 2. c4 c6 3. d4 Nf6 4. e3 e6 5. Nc3 Nbd7 6. Bd3 dxc4 7. Bxc4 b5 8. Bd3
Bb7 9. Qc2 a6 10. O-O Rc8 11. Rd1 Qb6 12. a4 Be7 13. Bd2 O-O 14. Ne4 Nxe4 15.
Bxe4 Nf6 16. Bd3 c5 17. dxc5 Bxc5 18. Qb1 h6 19. b4 Bd6 20. axb5 axb5 21. Ra5
Bxf3 22. gxf3 Qc6 23. Kg2 Rb8 24. Qb2 Bc7 25. Ra3 Qd6 26. f4 Qd5+ 27. f3 Qh5
28. Rg1 Nd5 29. Bb1 Bb6 30. Rd3 Rbd8 31. h3 Qh4 32. Kh2 Qf6 33. Qc2 g6 34. Qc1
Rc8 35. Qe1 Rc7 36. Rg2 Kh7 37. Bc1 Rg8 38. Bb2 Qe7 39. Be5 Rc6 40. Rb3 Qa7 41.
f5 exf5 42. e4 Ne3 43. Re2 Qe7 44. Bf4 Bc7 45. Bxc7 Qxc7+ 46. Kh1 Rc1 47. Rbxe3
Rxe1+ 48. Rxe1 Re8 49. Ba2 Kg7 50. e5 Ra8 51. Bd5 Rd8 52. Bb3 Rd2 53. h4 Qd8
54. R1e2 Qxh4+ 55. Kg2 f4 56. Rxd2 Qg3+ 57. Kf1 fxe3 0-1

[Event "Campeonato de España Universitario 2008"]
[Site "Madrid ESP"]
[Date "2008.05.08"]
[Round "1.23"]
[White "Alcaraz Soriano, Angela"]
[Black "Camacho Collados, Jose"]
[Result "0-1"]
[WhiteElo "1995"]
[BlackElo "2258"]
[PlyCount "120"]
[EventDate "2008.05.08"]
[EventType "swiss"]
[EventRounds "9"]
[EventCountry "ESP"]
[Source "lmi"]
[SourceDate "2008.05.08"]

1. d4 g6 2. c4 Nf6 3. Nc3 d5 4. cxd5 Nxd5 5. Bd2 Nb6 6. Bg5 Bg7 7. Nf3 O-O 8.
e3 c5 9. Be2 Nc6 10. dxc5 Nd7 11. Nd4 h6 12. Nxc6 bxc6 13. Bh4 Rb8 14. Qc2 Nxc5
15. Rd1 Qa5 16. O-O Bf5 17. Qc1 Rb7 18. g4 Be6 19. Bf3 Rc8 20. Rd2 Qb4 21. Rfd1
Kh7 22. a3 Qc4 23. Be2 Qb3 24. Qc2 Qxc2 25. Rxc2 Bb3 26. Rcd2 Bxd1 27. Nxd1
Rcb8 28. b4 Ne4 29. Rc2 Rd8 30. f3 Nf6 31. Rxc6 Rd2 32. Nc3 Rbd7 33. Bf1 Rc2
34. b5 Nxg4 35. fxg4 Rxc3 36. Rxc3 Bxc3 37. Bc4 e6 38. a4 Rd1+ 39. Kg2 Ra1 40.
Bb3 Ra3 41. Bd1 Ra1 42. Bb3 Rb1 43. Bc4 Rb4 44. Be2 Rxa4 45. Kf3 h5 46. h3 f5
47. Bg3 hxg4+ 48. hxg4 Rxg4 49. Bb8 Ra4 50. Bd1 Ra3 51. Bd6 Ra1 52. Bb3 e5 53.
Be7 Rb1 54. Bc4 Bb4 55. Bf6 Bd6 56. Kf2 Rb2+ 57. Kf1 Rc2 58. Bd3 Rh2 59. Bg5
Kg7 60. Bc4 Bc5 0-1

[Event "Campeonato de España Universitario 2008"]
[Site "Madrid ESP"]
[Date "2008.05.08"]
[Round "1.24"]
[White "Serna Lara, Sergio"]
[Black "Rodriguez Lopez, Ruben"]
[Result "1-0"]
[WhiteElo "2248"]
[BlackElo "1989"]
[PlyCount "106"]
[EventDate "2008.05.08"]
[EventType "swiss"]
[EventRounds "9"]
[EventCountry "ESP"]
[Source "lmi"]
[SourceDate "2008.05.08"]

1. d4 d5 2. c4 Bf5 3. cxd5 Bxb1 4. Qa4+ c6 5. dxc6 Nxc6 6. Rxb1 Qxd4 7. Qxd4
Nxd4 8. e3 Nc2+ 9. Kd1 Nb4 10. Bb5+ Nc6 11. Nf3 O-O-O+ 12. Ke2 f6 13. Bxc6 bxc6
14. Nd4 Rd6 15. Bd2 e5 16. Nb3 Nh6 17. Rhc1 Nf5 18. Rc4 h5 19. Rbc1 Kb7 20.
Na5+ Kb6 21. Rxc6+ Rxc6 22. Rxc6+ Kb5 23. b3 Bb4 24. a4+ Kxa5 25. Rc5+ Kb6 26.
Bxb4 Rd8 27. Rb5+ Kc6 28. Ba5 Rd7 29. Rb8 Nd6 30. b4 Nb7 31. b5+ Kc5 32. Rc8+
Kd5 33. Bb4 Nd8 34. Rc2 f5 35. Rd2+ Ke6 36. Rxd7 Kxd7 37. Bc5 a5 38. bxa6 Kc6
39. Kd3 Ne6 40. a7 Nc7 41. Kc4 g6 42. f3 Na8 43. Be7 Nc7 44. Bf6 Kd6 45. Bd8
Na8 46. Kb5 e4 47. fxe4 fxe4 48. Kc4 Kd7 49. Ba5 Ke6 50. Kc5 Ke5 51. Kc6 Ke6
52. Kb7 Kd7 53. Kxa8 Kc8 1-0

[Event "Campeonato de España Universitario 2008"]
[Site "Madrid ESP"]
[Date "2008.05.08"]
[Round "1.25"]
[White "Mancha Otano, Aritz"]
[Black "Alcazar Jimenez, Jesus Alberto"]
[Result "1/2-1/2"]
[WhiteElo "1989"]
[BlackElo "2247"]
[PlyCount "98"]
[EventDate "2008.05.08"]
[EventType "swiss"]
[EventRounds "9"]
[EventCountry "ESP"]
[Source "lmi"]
[SourceDate "2008.05.08"]

1. d4 c5 2. dxc5 e6 3. Nf3 Bxc5 4. Nc3 Nf6 5. g3 O-O 6. Bg2 d5 7. O-O h6 8. e4
Nxe4 9. Nxe4 dxe4 10. Ne5 Qd5 11. Bf4 Bd6 12. Qh5 Bxe5 13. Qxe5 Qxe5 14. Bxe5
f5 15. Rfd1 Nc6 16. Bc3 e5 17. g4 fxg4 18. Bxe4 Bf5 19. Bxc6 bxc6 20. Bxe5 Bxc2
21. Rdc1 Be4 22. Rc4 Bf3 23. Rf4 Rfe8 24. Bc3 Rad8 25. h3 Rf8 26. Rxf8+ Kxf8
27. hxg4 Bxg4 28. Re1 Bf3 29. Re3 Rd1+ 30. Kh2 Bd5 31. a3 Kf7 32. f3 Rf1 33.
Kg2 Rc1 34. Kf2 g5 35. Re1 Rc2+ 36. Re2 Rc1 37. Re1 Rxe1 38. Bxe1 Ke6 39. Kg3
Kf5 40. Bd2 h5 41. Be3 a5 42. a4 h4+ 43. Kf2 g4 44. fxg4+ Kxg4 45. Kg1 Bb3 46.
Bb6 Bxa4 47. Bxa5 c5 48. Kh2 Bd7 49. Bc3 c4 1/2-1/2

[Event "Campeonato de España Universitario 2008"]
[Site "Madrid ESP"]
[Date "2008.05.08"]
[Round "1.26"]
[White "Rivas Vila, David"]
[Black "Ares Campo, Iria"]
[Result "1-0"]
[WhiteElo "2242"]
[BlackElo "1987"]
[PlyCount "79"]
[EventDate "2008.05.08"]
[EventType "swiss"]
[EventRounds "9"]
[EventCountry "ESP"]
[Source "lmi"]
[SourceDate "2008.05.08"]

1. e4 d6 2. d4 Nf6 3. Nc3 e5 4. Nf3 Nbd7 5. Bc4 Be7 6. O-O c6 7. a4 O-O 8. dxe5
dxe5 9. Qe2 Qc7 10. h3 Nc5 11. Nh4 Ne6 12. Nf5 Nd4 13. Nxd4 exd4 14. Nd1 Qe5
15. Bd3 Re8 16. f4 Qc7 17. Nf2 Bd7 18. Bd2 c5 19. b3 Bc6 20. Rae1 Bf8 21. e5
Nd5 22. Ne4 Ne7 23. Nd6 Red8 24. Qg4 Ng6 25. Nc4 Qd7 26. f5 Ne7 27. e6 fxe6 28.
fxe6 Qe8 29. Ne5 Rd5 30. Bc4 Rxe5 31. Rxe5 Rd8 32. Rxc5 Nd5 33. Ra5 Kh8 34. Qf5
Nf6 35. Bg5 Be7 36. Bd3 Qh5 37. Bxf6 Qxf5 38. Bxg7+ Kxg7 39. Raxf5 Rf8 40. Rf7+
1-0